000 00232nam a2200097Ia 4500
008 170619s9999 xx 000 0 und d
100 _aTrembley J P
245 0 _aDiscrete Mathematical Structure
260 _bNew Delhi: TMH
260 _c2003
546 _aENGLISH
999 _c16915
_d16915